Report of the press commission Part II History of Indian journalism (Record no. 929623)

MARC details
000 -LEADER
fixed length control field 00758nam a2200265Ia 4500
003 - CONTROL NUMBER IDENTIFIER
control field OSt
005 - DATE AND TIME OF LATEST TRANSACTION
control field 20221005022548.0
008 - FIXED-LENGTH DATA ELEMENTS--GENERAL INFORMATION
fixed length control field 221004b |||||||| |||| 00| 0 eng d
037 ## - SOURCE OF ACQUISITION
Terms of availability Textual
040 ## - CATALOGING SOURCE
Original cataloging agency CRL
Transcribing agency CRL
Language of cataloging eng
041 ## - LANGUAGE CODE
Source of code eng
Language code of text/sound track or separate title eng
100 ## - MAIN ENTRY--PERSONAL NAME
Personal name Natarajan J Ed.
9 (RLIN) 578233
110 ## - MAIN ENTRY--CORPORATE NAME
Corporate name or jurisdiction name as entry element India,press commission.
245 #0 - TITLE STATEMENT
Title Report of the press commission Part II History of Indian journalism
260 ## - PUBLICATION, DISTRIBUTION, ETC.
Place of publication, distribution, etc. Ambala
Name of publisher, distributor, etc. Press commission
Date of publication, distribution, etc. 1954
300 ## - PHYSICAL DESCRIPTION
Extent 287
Dimensions cm.
650 ## - SUBJECT ADDED ENTRY--TOPICAL TERM
Topical term or geographic name entry element INDUSTRIAL ARTS
700 ## - ADDED ENTRY--PERSONAL NAME
Personal name India,press commission.
942 ## - ADDED ENTRY ELEMENTS (KOHA)
Classification part M242:N54, J4.2
Koha item type Textual
Source of classification or shelving scheme
Holdings
Withdrawn status Lost status Damaged status Not for loan Home library Current library Date acquired Total Checkouts Full call number Barcode Date last seen Price effective from Koha item type
        Central Library Central Library 2022-10-05   M242:N54 J4.2 CL0204333 2022-10-05 2022-10-05 Textual
Copyright @ Delhi University Library System